Score 0/20 Timer 05:00
6 Plays Today
% Correct
Jerry Seinfeld
95.2%
Joey Tribbiani
90%
Jack Bauer
71.6%
Jan Brady
69.6%
John 'J.D.' Dorian
65.3%
Jim Halpert
63.3%
Jesse Pinkman
62%
Jess Day
58.8%
Joffrey Baratheon
57.8%
Jean-Luc Picard
56.6%
% Correct
Jackie Burkhart
54.8%
Jessica Fletcher
50.4%
Jake Harper
49.9%
Jay Pritchett
44.8%
Jenna Maroney
31.3%
Joan Harris
26.2%
Dr. Jennifer Melfi
25.7%
Jeff Winger
25.1%
Jules Cobb
20.2%
Jackson Avery
17.2%
Remove Ads.
Support Sporcle.
Get the best of Sporcle when you Go Orange. This ad-free experience offers more features, more stats, and more fun while also helping to support Sporcle. Thank you for becoming a member.

You're not logged in!

Compare scores with friends on all Sporcle quizzes.
OR
Log In

Show Comments

Extras

Top Quizzes Today


Score Distribution

Your Account Isn't Verified!

In order to create a playlist on Sporcle, you need to verify the email address you used during registration. Go to your Sporcle Settings to finish the process.

Report this User

Report this user for behavior that violates our Community Guidelines.

Details: